000 00717nam a2200217Ia 4500
003 GCL
008 140319s9999 xx 000 0 ara d
020 _a0285305977
040 _aGCL /
_cGCL
082 0 4 _aق
_b702.88
_bج م
100 1 _aجاب الله على جاب الله
245 1 0 _aمشروع ترميم وكالة بازرعه /
_cجاب الله على جاب الله
260 _aالقاهرة :
_bالمجلس الاعلى للاثار
490 _a
650 0 4 _aالمبانى - صيانة
650 0 4 _aالاثار - ترميم
650 0 4 _aمصر - المبانى التاريخية
650 0 4 _aوكالة بازرعه
650 0 4 _aالمبانى - ترميم
942 _2ddc
_cBK
999 _c46105
_d46105